[Event "Geneve Masters GpA"]
[Site "Geneve"]
[Date "2013.06.26"]
[Round "1.2"]
[White "Polgar, Judit"]
[Black "Pelletier, Yannick"]
[Result "0-1"]
[WhiteElo "2696"]
[BlackElo "2574"]
[PlyCount "66"]
[EventDate "2013.06.26"]
[EventType "tourn (rapid)"]
[EventRounds "3"]
[EventCountry "SUI"]
[EventCategory "19"]
[SourceTitle "CBM 155 Extra"]
[Source "ChessBase"]
[SourceDate "2013.08.26"]
[SourceVersion "1"]
[SourceVersionDate "2013.08.26"]
[SourceQuality "1"]

1. Nf3 Nf6 2. g3 d5 3. Bg2 c6 4. d3 Bg4 5. Nbd2 Nbd7 6. 0-0 e5 7. h3 Bh5 8. Nh4 Bc5 9. c4 0-0 10. cxd5 cxd5 11. Nb3 Bb6 12. Bd2 a5 13. a4 Re8 14. Rc1 Nf8 15. Nf5 Ne6 16. Qe1 Bg6 17. Nh4 e4 18. Nxg6 hxg6 19. Rc3 Qd7 20. Qa1 Nd4 21. Nxd4 Bxd4 22. Rb3 e3 23. Be1 exf2+ 24. Bxf2 Bxf2+ 25. Rxf2 Re3 26. g4 Rae8 27. Qd1 Qxa4 28. g5 Ne4 29. Bxe4 dxe4 30. Rxf7 Qd4 31. Rf2 Rg3+ 32. Kf1 Rxh3 33. Qc2 e3 0-1

[Event "London Classic 4th"]
[Site "London"]
[Date "2012.12.07"]
[Round "6"]
[White "Carlsen, Magnus"]
[Black "Polgar, Judit"]
[Result "1-0"]
[WhiteElo "2848"]
[BlackElo "2705"]
[PlyCount "105"]
[EventDate "2012.12.01"]
[EventType "tourn"]
[EventRounds "9"]
[EventCountry "ENG"]
[EventCategory "21"]
[SourceTitle "CBM 152"]
[Source "ChessBase"]
[SourceDate "2013.01.15"]
[SourceVersion "1"]
[SourceVersionDate "2013.01.15"]
[SourceQuality "1"]

1. c4 c5 2. Nf3 Nc6 3. d4 cxd4 4. Nxd4 Nf6 5. Nc3 e6 6. a3 Bc5 7. Nb3 Be7 8. e4 0-0 9. Be2 b6 10. 0-0 Bb7 11. Bf4 d6 12. Rc1 Rc8 13. Re1 Ne5 14. Nd2 Nfd7 15. Be3 Qc7 16. b4 Qb8 17. f4 Ng6 18. g3 Rfe8 19. Bf3 Qa8 20. Bf2 Ngf8 21. Qe2 Qb8 22. Red1 g6 23. e5 Bc6 24. Bd4 Red8 25. Bxc6 Rxc6 26. Nf3 dxe5 27. fxe5 Rdc8 28. Ne4 Qc7 29. Nfd2 a6 30. Nf2 Bg5 31. Rf1 Bxd2 32. Qxd2 Nxe5 33. Bxe5 Qxe5 34. Ng4 Rd6 35. Nh6+ Kg7 36. Rxf7+ Kh8 37. Qf2 Qd4 38. c5 bxc5 39. Qxd4+ Rxd4 40. Rxc5 Rcd8 41. Rcc7 Rd1+ 42. Kg2 R1d2+ 43. Kh3 R2d5 44. Ng4 Rh5+ 45. Kg2 Rd2+ 46. Kf3 Rf5+ 47. Ke3 Rxf7 48. Rxf7 Rd8 49. Nf6 Rb8 50. Kf4 h6 51. Ke5 a5 52. bxa5 Ra8 53. a6 1-0

[Event "London Classic 4th"]
[Site "London"]
[Date "2012.12.06"]
[Round "5"]
[White "Polgar, Judit"]
[Black "Nakamura, Hikaru"]
[Result "0-1"]
[WhiteElo "2705"]
[BlackElo "2760"]
[PlyCount "94"]
[EventDate "2012.12.01"]
[EventType "tourn"]
[EventRounds "9"]
[EventCountry "ENG"]
[EventCategory "21"]
[SourceTitle "CBM 152"]
[Source "ChessBase"]
[SourceDate "2013.01.15"]
[SourceVersion "1"]
[SourceVersionDate "2013.01.15"]
[SourceQuality "1"]

1. e4 e5 2. Nf3 Nc6 3. Bb5 a6 4. Ba4 Nf6 5. 0-0 b5 6. Bb3 Bc5 7. a4 Rb8 8. axb5 axb5 9. Nxe5 Nxe5 10. d4 Bxd4 11. Qxd4 d6 12. f4 Nc6 13. Qc3 Ne7 14. Nd2 0-0 15. e5 Nfd5 16. Bxd5 Nxd5 17. Qd4 Bb7 18. Ne4 f5 19. Ng5 Qd7 20. Nf3 Ra8 21. Bd2 c5 22. Qd3 c4 23. Qd4 dxe5 24. Nxe5 Qc7 25. Rfd1 h6 26. Be1 Rfe8 27. Bd2 Red8 28. Rxa8 Rxa8 29. h3 Ra2 30. Rb1 Nf6 31. Bb4 Be4 32. Re1 Bxc2 33. g4 Qa7 34. Qxa7 Rxa7 35. Nc6 Ra6 36. Ne7+ Kf7 37. g5 hxg5 38. fxg5 Ne4 39. Nxf5 Nxg5 40. Re7+ Kg6 41. Nd4 Bd3 42. Rb7 Nxh3+ 43. Kh2 Ng5 44. Nxb5 Rf6 45. Bc5 Rf4 46. Nc3 Rg4 47. Nd1 Bf1 0-1

[Event "London Classic 4th"]
[Site "London"]
[Date "2012.12.03"]
[Round "3"]
[White "Adams, Michael"]
[Black "Polgar, Judit"]
[Result "1-0"]
[WhiteElo "2710"]
[BlackElo "2705"]
[PlyCount "71"]
[EventDate "2012.12.01"]
[EventType "tourn"]
[EventRounds "9"]
[EventCountry "ENG"]
[EventCategory "21"]
[SourceTitle "CBM 152"]
[Source "ChessBase"]
[SourceDate "2013.01.15"]
[SourceVersion "1"]
[SourceVersionDate "2013.01.15"]
[SourceQuality "1"]

1. e4 c5 2. Nf3 e6 3. g3 Nc6 4. Bg2 Nf6 5. Qe2 d5 6. exd5 Nxd5 7. 0-0 Be7 8. Rd1 0-0 9. d4 cxd4 10. Nxd4 Nxd4 11. Rxd4 Bf6 12. Rd1 Qc7 13. c4 Nb4 14. Nc3 a6 15. Bf4 e5 16. Be3 Be6 17. Nd5 Nxd5 18. cxd5 Bf5 19. d6 Qd7 20. Bb6 Rac8 21. Bc7 Bg4 22. Bf3 h5 23. Rac1 Rfe8 24. Bxg4 hxg4 25. Qe4 Bg5 26. Rc5 Bd8 27. Qxb7 Re6 28. Rdd5 Rf6 29. Qxa6 Qf5 30. Qe2 Qb1+ 31. Rd1 Qxa2 32. Rxe5 Bxc7 33. Re8+ Rxe8 34. Qxe8+ Kh7 35. dxc7 Qa7 36. Qe4+ 1-0

[Event "London Classic 4th"]
[Site "London"]
[Date "2012.12.02"]
[Round "2"]
[White "Polgar, Judit"]
[Black "Jones, Gawain C B"]
[Result "1/2-1/2"]
[WhiteElo "2705"]
[BlackElo "2644"]
[PlyCount "146"]
[EventDate "2012.12.01"]
[EventType "tourn"]
[EventRounds "9"]
[EventCountry "ENG"]
[EventCategory "21"]
[SourceTitle "CBM 152"]
[Source "ChessBase"]
[SourceDate "2013.01.15"]
[SourceVersion "1"]
[SourceVersionDate "2013.01.15"]
[SourceQuality "1"]

1. e4 c5 2. Nf3 d6 3. d4 cxd4 4. Nxd4 Nf6 5. Nc3 g6 6. Be3 Bg7 7. f3 Nc6 8. Qd2 0-0 9. Bc4 Bd7 10. 0-0-0 Rc8 11. Bb3 Nxd4 12. Bxd4 b5 13. Nd5 Nxd5 14. Bxg7 Kxg7 15. exd5 a5 16. a3 Kg8 17. Rhe1 b4 18. axb4 axb4 19. Qxb4 Rc5 20. Rd3 Qa8 21. Rxe7 Qa1+ 22. Kd2 Qf1 23. Qf4 Bf5 24. Rc3 Ra5 25. Rce3 Qxg2+ 26. Re2 Qg1 27. Qe3 Qa1 28. Re8 Ra8 29. Rxf8+ Rxf8 30. Qc3 Qg1 31. Qe3 Qa1 32. Qc3 Qg1 33. Ba4 Qg5+ 34. Qe3 Qf6 35. c3 Rb8 36. b3 Qh4 37. Qe7 Qf4+ 38. Qe3 Qh4 39. Kc1 Qh3 40. Qf2 Bd3 41. Rd2 Bb5 42. Bxb5 Rxb5 43. b4 Qc8 44. Kb2 Rb8 45. Kb3 Qf5 46. Qf1 Re8 47. Qd3 Qg5 48. Ra2 h5 49. b5 Qg1 50. Re2 Ra8 51. Rb2 Qa1 52. Qd4 Qa3+ 53. Kc2 Ra4 54. Qd2 Ra8 55. b6 Qa4+ 56. Kd3 Qa1 57. Qe2 Rb8 58. Kc2 Qa4+ 59. Kb1 Qa5 60. Qb5 Qxc3 61. b7 Qxf3 62. Ka2 Kh7 63. Qc6 Qf4 64. h3 Qd4 65. Rb6 Qd2+ 66. Kb3 Qd1+ 67. Kb4 Qb1+ 68. Ka5 Qa2+ 69. Qa4 Qxd5+ 70. Ka6 Ra8+ 71. bxa8Q Qxa8+ 72. Kb5 Qd5+ 73. Ka6 Qa8+ 1/2-1/2